Größte Städte Texas - Statistiken

Allgemein
  • Dieses Quiz wurde 43 mal gespielt
  • Das Durchschnittsergebnis liegt bei 6 aus 15
Antwortstatistiken
Einwohner Antwort % Korrekt
1.304.000 Dallas
97%
2.305.000 Houston
97%
962.000 Austin
82%
1.435.000 San Antonio
79%
679.000 El Paso
56%
919.000 Fort Worth
53%
318.000 Corpus Christi
38%
200.000 Amarillo
29%
394.000 Arlington
24%
257.000 Lubbock
21%
257.000 Irving
15%
285.000 Plano
15%
246.000 Garland
9%
255.000 Laredo
9%
201.000 Frisco
6%
Keine übereinstimmenden Quizze gefunden
Verteilung der Resultate
Anzahl Personen mit jedem Resultat
Perzentil nach korrekt beantworteten Fragen
Ihre Resultats-Entwicklung
Sie haben dieses Quiz noch nicht gespielt